Normal view
MARC view
- Boca Raton
Entry Topical Term
001 - CONTROL NUMBER
- control field: 116196
003 - CONTROL NUMBER IDENTIFIER
- control field: NUST
005 - DATE AND TIME OF LATEST TRANSACTION
- control field: 20230912165908.0
008 - FIXED-LENGTH DATA ELEMENTS
- fixed length control field: 230912|| aca||aabn | a|a d
040 ## - CATALOGING SOURCE
- Original cataloging agency: NUST
- Transcribing agency: NUST
150 ## - HEADING--TOPICAL TERM
- Topical term or geographic name entry element: Boca Raton
670 ## - SOURCE DATA FOUND
- Source citation: Work cat.: (NUST): v, 153 p. 116195, The Fairmont Press, Inc.,, 2020-11-23
